000 00865nam a2200229 i 4500
001 22446
003 ES-MaACL
005 20250731000433.0
007 t|
008 021203s1871 sp ||||1| spa d
100 0 _aDante Alighieri,
_d1265-1321
_942657
245 1 3 _aLa divina comedia /
_cde Dante Alighieri ; con notas de Paolo Costa adicionadas ; traducida al castellano por Manuel Aranda y Sanjuán.
260 _aBarcelona :
_bLa Ilustración,
_c1871 (
_fTip. Jaime Jepús)
300 _a546 p., 16 lám. ;
_c22 cm.
599 _aCon grab. xil.: "Sadurní, Tomás, Romen", etc.
700 1 _aCosta, Paolo.
_941073
700 1 _aAranda y Sanjuán, Manuel,
_d1845-1900
_922295
700 1 _aSadurní y Deop, Celestino (
_d1830-1896)
_9172541
700 1 _aPedró, Tomás,
_d1840-1877
_9172542
852 _aES-MaACL
_jC-3235
999 _c22446
_d22446